| 000 | 00734nam a2200217Ia 4500 | ||
|---|---|---|---|
| 008 | 160319s9999 xx 000 0 und d | ||
| 245 | _aSesame Street : | ||
| 245 | _bElmo saves Christmas [DVD recording] / | ||
| 245 | _cChildren's Television Workshop ; produced by Karin Young Shiel ; directed by Emily Squires ; written by Christine Ferraro and Tony Geiss. | ||
| 260 | _bViva Video Inc. | ||
| 260 | _c2003 | ||
| 300 | _a1 videodisc (58 min.) : | ||
| 300 | _bsound, colored ; | ||
| 300 | _c4 3/4 in. | ||
| 440 | _aSesame Street. | ||
| 650 | _aChristmas -- | ||
| 650 | _aDVD recordings for the hearing impaired. | ||
| 650 | _aDVDs for children. | ||
| 650 | _aTelevision programs for children. | ||
| 650 | _xFiction. | ||
| 999 |
_c292709 _d292709 |
||